000 00389nam a2200181Ia 4500
005 20250603144643.0
008 250603s9999 xx 000 0 und d
020 _a9789385444432
050 _aKB 66 .M3/
100 _aMani, Kent
245 0 _aCivil Trial
260 _aIndian
260 _bKamal publisher
260 _c2019
300 _a496 p
650 _aIndian
942 _cBK
999 _c39557
_d39557